| 000 | 00717nam a22001217a 4500 | ||
|---|---|---|---|
| 040 | _cRUA | ||
| 082 | _aLMA CHE 2025 B701 Or.1 | ||
| 100 | _aCHEA OUDOM, ជា ឧត្ដម | ||
| 245 | _a study on land use and land cover changes by using satellite images inrotanak mondol district, battambang province, ការសិក្សាអំពីបម្រែបម្រួលនៃការប្រើប្រាស់ដី និងគម្របដី ដោយប្រើប្រាស់រូបភាពផ្កាយរណបនៅស្រុករតនមណ្ឌល ខេត្តបាត់ដំបង | ||
| 260 |
_aPHNOM PENH _bRUA _c2025 |
||
| 300 |
_axi,57p. _bill. _c29cm. |
||
| 942 | _cLMA | ||
| 999 |
_c25765 _d25765 |
||